000 00771nam a2200217Ii 4500
003 JO-AjNU
008 230605s9999||||xx |||||||||||||| ||und||
017 _a2009/8/3787
020 _a978-9957-16-558-1
040 _aJO-AjNU
_bara
_erda
_cJO-AjNU
041 _aara
050 1 4 _aRC553.A88I42 2010
100 3 _aالامام ، محمد صالح/ م مشارك فؤاد عبد الحق الجوالدة,
_eauthor
_926104
245 0 0 _aالتوحد ونظرية العقل =Autism and Theory of Mind
264 3 1 _aعمان:دار الثقافة للنشر ، 2010
300 _a374ص
336 _atext
_btxt
_2rdacontent
337 _aunmediated
_bn
_2rdamedia
338 _avolume
_bnc
_2rdacarrier
650 4 _aالتوحد - التربية الخاصة
_926105
999 _aA9849
_c13417
_d13417